5 pytań o Rosji - Statystyki

Ogólne statystyki
  • Ten quiz został rozwiązany 27 razy
  • Średni wynik to 4 z 5
Statystyki odpowiedzi
Hint Odpowiedź % Poprawnych
Stolica Rosji Moskwa
100%
Co było kiedyś stolicą Rosji i obecnie jest drugim największym miastem Petersburg
92%
Jaka jest najdłuższa rzeka europejskiej części Rosji Wołga
88%
Jak nazywa się kraina pokrywająca duże połacie północnej i wschodniej Rosji Syberia
81%
Pierwszy człowiek w przestrzeni kosmicznej Jurij Gagarin
58%
Nie znaleziono quizów pasujących do podanych kryteriów
Rozkład punktacji
Procent ludzi z każdym wynikiem
Percentyl według liczby udzielonych odpowiedzi
Twoja historia wyników
Nie rozwiązałeś tego quizu